LEADER 00964cam0 2200301 450 001 000003215 005 20090325101653.0 010 $a88-15-08244-1 100 $a20011025d2001----km-y0itay50------ba 101 1 $aita$cfre 102 $aIT 105 $ay-------001yy 200 1 $aEconomia, mercati, società$fPhilippe Steiner 210 $aBologna$cIl Mulino$dc2001 215 $a144 p.$ctab. e graf.$d21 cm 225 2 $aUniversale paperbacks$v407 305 $aEdizione italiana a cura di Antonio Mutti 314 $aTraduzione di Andrea De Ritis 410 0$12001$aUniversale paperbacks 500 10$a<>sociologie économique$m$915901 610 1 $aEconomia e società 676 $a306.3$v21$9Istituzioni economiche 700 1$aSteiner,$bPhilippe$0144802 801 0$aIT$bUNIPARTHENOPE$gRICA$2UNIMARC 912 $a000003215 951 $a032/144$b9516$cNAVA2$d20011025 996 $aSociologie économique$915901 997 $aUNIPARTHENOPE LEADER 01165nam0 22002891i 450 001 VAN0019372 005 20050228120000.0 010 $a88-204-8220-7 100 $a20040709d1994 |0itac50 ba 101 $aita 102 $aIT 105 $a|||| ||||| 200 1 $aAnoressia mentale dell'adolescenza$erilevamento e trattamento medico-psicologico integrato$fFrancesco Montecchi$gcon la collaborazione di Amalia Ambruzzi ... [et al.] 210 $aMilano$cFranco Angeli$d[1994] 215 $a239 p.$cill.$d22 cm. 606 $aAnoressia mentale$xAdolescenza$3VANC009528$2FI 620 $dMilano$3VANL000284 676 $a616.85262$v21 700 1$aMontecchi$bFrancesco$3VANV003485$0224212 702 1$aAmbruzzi$bAmalia$3VANV015536 712 $aFrancoAngeli $3VANV107955$4650 801 $aIT$bSOL$c20240209$gRICA 899 $aBIBLIOTECA DEL DIPARTIMENTO DI PSICOLOGIA$1IT-CE0119$2VAN16 912 $aVAN0019372 950 $aBIBLIOTECA DEL DIPARTIMENTO DI PSICOLOGIA$d16CONS 2093 $e16LET6484 20040709 996 $aAnoressia mentale dell'adolescenza$9818918 997 $aUNICAMPANIA